000 01026cam a2200313 a 4500
001 4381929
003 LC
005 20160330095305.0
008 910731s1992 nyua j 000 1 eng
010 _a 91073973
020 _a725961003500
040 _aDLC
_cDLC
_dDLC
042 _alcac
050 0 0 _aPS 3556
_b.F251 1992
082 0 0 _aFIC
_bF26n 1992
100 1 _aFast, Jonathan.
_920817
245 1 0 _aNewsies /
_cJonathan Fast.
260 _aNew York, N.Y. :
_bDisney Press,
_c1992.
300 _a139 p. :
_bill. ;
_c20 cm.
650 1 _aNewspaper carriers
_xFiction.
_920818
650 1 _aStrikes and lockouts
_xNewspapers
_zNew York (N.Y.)
_xFiction.
_920819
650 1 _aChild labor
_xFiction.
_920820
651 1 _aNew York (N.Y.)
_xFiction.
_920821
730 0 _aNewsies (Motion picture)
_920822
906 _a7
_bcbc
_corignew
_d2
_eopcn
_f19
_gy-gencatlg
942 _2lcc
_cBK
999 _c11894
_d11894